|
|
|
|
| LEADER |
00000nam a22000007a 4500 |
| 005 |
20140827221630.0 |
| 007 |
cr|||| |||| |
| 008 |
140827s2014 cu |||||s|||| 00||0 spa d |
| 020 |
|
|
|a 978-959-7219-16-3
|
| 035 |
|
|
|a 12330
|
| 040 |
|
|
|a vLex
|
| 090 |
|
|
|c 5137
|d 5137
|
| 245 |
1 |
3 |
|a El derecho penal de los inicios del siglo XXI, en la encrucijada entre las garanta̕s penales y el expansionismo irradical
|h [Recurso electrn̤ico] /
|
| 256 |
|
|
|a Servicio en ln̕ea
|
| 260 |
|
|
|a La Habana:
|b Unin̤ Nacional de Juristas de Cuba,
|c 2014
|
| 300 |
|
|
|a 1 recurso electrn̤ico
|
| 500 |
|
|
|a Coordinador: Arnel Medina Cuenca Serie ciencias penales y criminologa̕, 1.
|
| 506 |
1 |
|
|a Disponible solo en los productos indicados
|d vLex Global
|d vLex Global (Academic Edition, excluding Law Schools)
|d vLex Global (U.S. Academic Edition, Law Schools)
|d vLex Global (U.S. Academic Edition, excluding Law Schools)
|d vLex Global (Academic Edition, Law Schools)
|
| 650 |
0 |
4 |
|a Derecho Penal
|z Cuba
|
| 740 |
0 |
|
|a vLex Libros (Servicio en ln̕ea)
|
| 856 |
4 |
0 |
|u http://vlex.com/source/derecho-penal-inicios-del-siglo-xxi-encrucijada-entre-garantias-penales-expansionismo-irradical-12330
|z Acceso restringido
|
| 942 |
|
|
|c BOOK
|
| 999 |
0 |
|
|a Criminal Law
|